• 首页
  • 本馆介绍
  • 公告通知
  • 最新文献
  • 馆藏检索
  • 电子资源
  • 读者导购
  • 参考咨询
  • 我的图书馆
  • 登录
  • 详细信息显示
  • 放入我的书架
  • 预约/预借图书
  • 作者相关作品
  • 分类相关作品
  • 丛书相关作品
  • 出版社相关作品

书目信息

  • 表格格式
  • 工作单格式
  • 卡片格式
题名:
测试你的逻辑推理能力
    
 
作者: 萨默斯 著 ;林自新 译
分册:  
出版信息: 上海   上海科技教育出版社  1999
页数: 115页
开本: 20cm
丛书名: 加德纳趣味数学系列
单 册:
中图分类: O142
科图分类:
主题词: 数理逻辑--应用
电子资源:
ISBN: 7-5428-1926-7
000 00914oam2 2200265 45
001 060000019169
005 20051008173102.51
010    @a7-5428-1926-7@dCNY7.00
100    @a20050122e20021999ekmy0chiy0120 ea
101 0  @achi@ceng
102    @aCN@b310000
105    @aa z 000yy
200 1  @a测试你的逻辑推理能力@9ce shi ni de luo ji tui li neng li@d= Test your logic : 50 puzzles in deductive reasoning@f(美)乔治·J·萨默斯著@F(mei)qiao zhi·J·sa mo si zhu@g林自新译@zeng
210    @a上海@c上海科技教育出版社@d1999@h2002重印
215    @a115页@c图@d20cm
225 2  @a加德纳趣味数学系列
461  0 @12001 @a加德纳趣味数学系列
510 1  @aTest your logic : 50 puzzles in deductive reasoning@zeng
606 0  @a数理逻辑@x应用
690    @aO142@v4
701  0 @a萨默斯@Asa mo si@4著
702  0 @a林自新@Alin zi xin@4译
801  0 @aCN@bTSSF@c20051008
905    @a10447@dO142@e52
999    @aWJ@eDF
    
    测试你的逻辑推理能力= Test your logic : 50 puzzles in deductive reasoning/(美)乔治·J·萨默斯著/林自新译.-上海:上海科技教育出版社,1999(2002重印)
    115页:图;20cm.-(加德纳趣味数学系列)
    
    
    ISBN 7-5428-1926-7:CNY7.00
    
●
相关链接 在E读中查询图书 在五车中查询图书 在当当中查询图书 在豆瓣中查询图书


正题名:测试你的逻辑推理能力     索取号:O142/52         预约/预借

序号 登录号 条形码 馆藏地/架位号 状态 备注
1 0364564   3645648   第二样本阅览室/ [索取号:O142/52] 在馆    
2 0364565   3645657   第三借阅区/ [索取号:O142/52] 在馆    
3 0364566   3645666   第三借阅区/ [索取号:O142/52] 在馆    
4 0364567   3645675   第三借阅区/ [索取号:O142/52] 在馆    
5 0364568   3645684   第三借阅区/ [索取号:O142/52] 在馆    
唐山师范学院图书馆 欢迎您!
大连网信软件有限公司© 版权所有